Unanimous MVPs - Statistics

General Stats
  • This quiz has been taken 5 times
  • The average score is 5 of 30
Answer Stats
League Year Answer % Correct
NFL 2010 Tom Brady
100%
NFL 2019 Lamar Jackson
80%
NBA 2016 Steph Curry
80%
WNBA 2024 A'ja Wilson
60%
MLB (NL) 2024 Shohei Ohtani
60%
MLB (AL) 2023 Shohei Ohtani
40%
MLB (AL) 2021 Shohei Ohtani
40%
NHL 2021 Conor McDavid
20%
MLB (AL) 2024 Aaron Judge
0%
MLB (NL) 2009 Albert Pujols
0%
MLB (AL) 1953 Al Rosen
0%
MLB (NL) 2002 Barry Bonds
0%
MLB (NL) 2015 Bryce Harper
0%
MLB (NL) 1936 Carl Hubbell
0%
WNBA 1997 Cynthia Wilson
0%
MLB (AL) 1968 Denny McLain
0%
MLB (AL) 1966 Frank Robinson
0%
MLB (AL) 1993 Frank Thomas
0%
MLB (AL) 1935 Hank Greenberg
0%
MLB (NL) 1994 Jeff Bagwell
0%
MLB (AL) 1988 Jose Canesco
0%
MLB (NL) 1996 Ken Caminiti
0%
MLB (AL) 1997 Ken Griffey Jr.
0%
MLB (AL) 1956 Micky Mantle
0%
MLB (NL) 1980 Mike Schmidt
0%
MLB (AL) 2014 Mike Trout
0%
MLB (NL) 1967 Orlando Cepeda
0%
MLB (AL) 1973 Reggie Jackson
0%
MLB (NL) 2023 Ronald Acuña Jr.
0%
NHL 1982 Wayne Gretsky
0%
No matching quizzes found
Score Distribution
Percent of People with Each Score
Percentile by Number Answered
Your Score History
You have not taken this quiz